header

Primate craniofacial function and biology (Record no. 35067)

MARC details
000 -LEADER
fixed length control field 01422nam a2200373Ia 4500
245 00 - TITLE STATEMENT
Title Primate craniofacial function and biology
260 ## - PUBLICATION, DISTRIBUTION, ETC. (IMPRINT)
Place of publication New York :
Name of publisher Springer,
Year of publication c2008.
300 ## - PHYSICAL DESCRIPTION
Number of Pages xxiv, 496 p. :
Other physical details ill. (some col.).
490 1# - SERIES STATEMENT
Series statement Developments in primatology
650 #0 - SUBJECT ADDED ENTRY--TOPICAL TERM
Topical Term Masticatory muscles.
Topical Term Physical anthropology.
Topical Term Primates
Topical Term Primates
Topical Term Skull.
700 1# - ADDED ENTRY--PERSONAL NAME
Personal name Ravosa, Matthew J.
Personal name Vinyard, Chris.
Personal name Wall, Christine
856 40 - ELECTRONIC LOCATION AND ACCESS
Uniform Resource Identifier http://site.ebrary.com/lib/rucke/Doc?id=10251927

No items available.

© 2026 Rongo University
Contact us: librarian | system librarian | Rongo university